Travel geography /

Tourism and the environment. General patterns of world tourism. Patterns of tourism in the world's regions.

Gespeichert in:
Bibliographische Detailangaben
1. Verfasser: Burton, Rosemary.
Format: Buch
Sprache:English
Veröffentlicht: Harlow : Longman, 1997.
Ausgabe:2nd ed.
Schlagworte:
Tags: Tag hinzufügen
Keine Tags, Fügen Sie den ersten Tag hinzu!
Thư viện lưu trữ: Mạng thư viện Đại học Đà Nẵng
LEADER 00905cam a2200337 i 4500
001 000049048
003 8776
005 20030402150228.0
008 010316|1997 vm 000 eng
020 |a 0582315581 
040 |a IRC  |c IRC  |d IRC 
041 0 |a eng 
082 1 4 |a 338.4791  |b BU-R 
100 1 |a Burton, Rosemary. 
245 0 0 |a Travel geography /  |c Rosemary Burton. 
250 |a 2nd ed. 
260 |a Harlow :  |b Longman,  |c 1997. 
300 |a xii, 514 p. :  |b ill., maps ;  |c 24.5cm. 
520 3 |a Tourism and the environment. General patterns of world tourism. Patterns of tourism in the world's regions. 
630 0 4 |a Tourism. 
650 0 4 |a Tourism. 
OWN |a DUT 
999 |a From the UDN01 
TYP |a Monograph 
TYP |a Printed language 
980 |a Mạng thư viện Đại học Đà Nẵng